Two dimensional irregular stock packing optimization (Record no. 12742)
[ view plain ]
| 000 -LEADER | |
|---|---|
| fixed length control field | 00456nam a22001337a 4500 |
| 082 ## - DEWEY DECIMAL CLASSIFICATION NUMBER | |
| Classification number | MS-PhD-IT SAI |
| 100 ## - MAIN ENTRY--PERSONAL NAME | |
| Personal name | Saima Sadaf |
| 9 (RLIN) | 106765 |
| 245 ## - TITLE STATEMENT | |
| Title | Two dimensional irregular stock packing optimization |
| 260 ## - PUBLICATION, DISTRIBUTION, ETC. | |
| Place of publication, distribution, etc. | Islamabad |
| Name of publisher, distributor, etc. | NUST School of Electrical Engineering and Computer Science |
| Date of publication, distribution, etc. | 2013 |
| 300 ## - PHYSICAL DESCRIPTION | |
| Extent | 53p. : |
| Accompanying material | CD-Rom |
| 500 ## - GENERAL NOTE | |
| General note | Supervisor: Dr. Anjum Naveed |
| 856 ## - ELECTRONIC LOCATION AND ACCESS | |
| Uniform Resource Identifier | <a href="http://10.250.8.41:8080/xmlui/handle/123456789/31934">http://10.250.8.41:8080/xmlui/handle/123456789/31934</a> |
| 942 ## - ADDED ENTRY ELEMENTS (KOHA) | |
| Koha item type | Project Report |
| Source of classification or shelving scheme | |
| Withdrawn status | Lost status | Damaged status | Not for loan | Collection code | Permanent Location | Current Location | Shelving location | Date acquired | Total Checkouts | Full call number | Barcode | Date last seen | Price effective from | Koha item type | Source of classification or shelving scheme |
|---|---|---|---|---|---|---|---|---|---|---|---|---|---|---|---|
| Central Library (CL) | Central Library (CL) | General Stacks | 02/16/2014 | MS-PhD-IT SAI | SEECSP01439 | 02/16/2014 | 02/16/2014 | Project Report | |||||||
| Central Library (CL) | Central Library (CL) | Thesis | 10/04/2019 | 004 | CL-T-3383 | 10/04/2019 | 10/04/2019 | Thesis | |||||||
| Central Library (CL) | Central Library (CL) | Thesis | 12/26/2019 | 004 MS-PhD-IT SAI | CL-T-4389 | 12/26/2019 | 12/26/2019 | Thesis |
